Collembolenfauna Europas /

Guardado en:
Autor Principal: Gisin, Hermann Robert, 1917-
Formato: Libro
Publicado: Genève : Museum d'Histoire Naturelle, 1960.
Etiquetas: Agregar Etiqueta
Sin Etiquetas, Sea el primero en etiquetar este registro!
LEADER 00439nam a22001335a 4500
001 EEA.libagro001349
005 20150819112718.0
008 130809s1960####xx#a##########000#0#####d
082 0 4 |a 595.715 
100 1 |a Gisin, Hermann Robert,  |d 1917- 
245 1 0 |a Collembolenfauna Europas /  |c Hermann Gisin. 
260 |a Genève :  |b Museum d'Histoire Naturelle,  |c 1960. 
300 |a 312 p. :  |b il. ;  |c 25 cm. 
859 |a AR-BbBCA  |b BIB. AGRONOMIA  |h 595.715  |i G532-1  |p 1961/0142